[Event "Schleswig Holstein-ch Seniors op 11th"]
[Site "Buesum"]
[Date "2017.09.14"]
[Round "7"]
[White "Rahls, Peter"]
[Black "Nordby, Berndt"]
[Result "0-1"]
[WhiteElo "2151"]
[BlackElo "2027"]
[PlyCount "106"]
[EventDate "2017.09.08"]
[EventType "swiss"]
[EventRounds "9"]
[EventCountry "GER"]
[SourceTitle "EXT 2019"]
[Source "ChessBase"]
[SourceDate "2018.10.10"]
[SourceVersion "1"]
[SourceVersionDate "2018.10.10"]
[SourceQuality "1"]

1. e4 e6 2. Nf3 d5 3. e5 c5 4. b4 c4 5. c3 a5 6. b5 a4 7. d3 cxd3 8. Bxd3 Nd7 9. 0-0 Ne7 10. Re1 Ng6 11. g3 Nc5 12. Bc2 Bd7 13. Na3 Qc7 14. Rb1 b6 15. h4 Be7 16. h5 Nf8 17. c4 Ne4 18. Bxe4 dxe4 19. Rxe4 h6 20. Nc2 Bc8 21. Ne3 Bb7 22. Rg4 Rd8 23. Qe2 g5 24. Bb2 Nd7 25. Rd1 Ba8 26. Kh2 Qb8 27. Nd2 Nc5 28. Bd4 Qc7 29. Bxc5 Bxc5 30. Ne4 Qxe5 31. Rxd8+ Kxd8 32. Nxc5 Qxc5 33. Qb2 e5 34. Nf5 Bf3 35. Qd2+ Kc7 36. Nxh6 Bxg4 37. Nxg4 Rxh5+ 38. Kg2 Qxc4 39. Nf6 Rh8 40. Qxg5 Qe6 41. Kf3 Rd8 42. Ne4 Qd5 43. Qf5 Rd7 44. g4 Qxb5 45. Kg2 Qd5 46. f3 Qxa2+ 47. Kg3 Qe6 48. Qg5 Kb7 49. Qc1 Qc6 50. Qb2 f6 51. Qb4 Rd5 52. Qf8 Rd3 53. Qb4 a3 0-1

[Event "MVP-ch Seniors op 16th"]
[Site "Binz"]
[Date "2016.11.28"]
[Round "6.17"]
[White "Nordby, Berndt"]
[Black "Meyer, Irmin"]
[Result "1/2-1/2"]
[WhiteElo "2031"]
[BlackElo "1987"]
[PlyCount "32"]
[EventDate "2016.11.23"]
[EventType "swiss"]
[EventRounds "9"]
[EventCountry "GER"]
[SourceTitle "EXT 2018"]
[Source "ChessBase"]
[SourceDate "2017.10.13"]
[SourceVersion "1"]
[SourceVersionDate "2017.10.13"]
[SourceQuality "1"]

1. d4 Nf6 2. Nf3 e6 3. c4 b6 4. e3 Bb4+ 5. Nbd2 Bb7 6. Bd3 0-0 7. 0-0 d5 8. a3 Bd6 9. b4 dxc4 10. Nxc4 Nbd7 11. Bb2 Re8 12. Qe2 Be4 13. Rfd1 Qe7 14. Bxe4 Nxe4 15. Qd3 f5 16. Nce5 Ndf6 1/2-1/2

[Event "Bad Woerishofen Seniors op 30th"]
[Site "Bad Woerishofen"]
[Date "2014.03.24"]
[Round "4"]
[White "Smits, Oswald"]
[Black "Nordby, Berndt"]
[Result "0-1"]
[WhiteElo "1925"]
[BlackElo "2098"]
[PlyCount "72"]
[EventDate "2014.03.21"]
[EventType "swiss"]
[EventRounds "9"]
[EventCountry "GER"]
[SourceTitle "EXT 2019"]
[Source "ChessBase"]
[SourceDate "2018.10.10"]
[SourceVersion "1"]
[SourceVersionDate "2018.10.10"]
[SourceQuality "1"]

1. d4 Nf6 2. Nf3 g6 3. Bg5 Bg7 4. Nc3 d5 5. e3 0-0 6. Bd3 c5 7. dxc5 Qa5 8. 0-0 Qxc5 9. Rb1 Rd8 10. h3 Nc6 11. Qe2 b6 12. Bf4 Nh5 13. Na4 Nxf4 14. exf4 Qb4 15. Bb5 Bb7 16. Rfe1 a6 17. Bxc6 Bxc6 18. b3 b5 19. Nb2 Bxb2 20. Rxb2 Qxf4 21. Rbb1 e6 22. c3 Rac8 23. Rbd1 Bb7 24. Rd4 Qf6 25. Qd2 Qg7 26. Ne5 f6 27. Ng4 e5 28. Rd3 b4 29. cxb4 d4 30. Nh6+ Kf8 31. Rg3 g5 32. Ng4 h6 33. h4 gxh4 34. Rh3 Qxg4 35. Qxh6+ Qg7 36. Qxh4 Qxg2# 0-1

[Event "Bad Woerishofen Seniors op 30th"]
[Site "Bad Woerishofen"]
[Date "2014.03.23"]
[Round "3"]
[White "Nordby, Berndt"]
[Black "Abegg, Beat"]
[Result "1/2-1/2"]
[WhiteElo "2098"]
[BlackElo "1910"]
[PlyCount "29"]
[EventDate "2014.03.21"]
[EventType "swiss"]
[EventRounds "9"]
[EventCountry "GER"]
[SourceTitle "EXT 2019"]
[Source "ChessBase"]
[SourceDate "2018.10.10"]
[SourceVersion "1"]
[SourceVersionDate "2018.10.10"]
[SourceQuality "1"]

1. d4 d5 2. Nf3 c6 3. c4 Nf6 4. e3 Bg4 5. h3 Bxf3 6. Qxf3 e6 7. Nc3 Nbd7 8. cxd5 exd5 9. Bd3 Bd6 10. 0-0 0-0 11. e4 dxe4 12. Nxe4 Nxe4 13. Bxe4 Nf6 14. Bc2 Nd5 15. Bb3 1/2-1/2

[Event "EU-ch Seniors 12th"]
[Site "Kaunas"]
[Date "2012.08.23"]
[Round "6"]
[White "Wahlbom, Magnus"]
[Black "Nordby, Berndt"]
[Result "1-0"]
[WhiteElo "2289"]
[BlackElo "2150"]
[PlyCount "109"]
[EventDate "2012.08.18"]
[EventType "swiss"]
[EventRounds "9"]
[EventCountry "LTU"]
[SourceTitle "CBM 150 Extra"]
[Source "ChessBase"]
[SourceDate "2012.10.19"]
[SourceVersion "1"]
[SourceVersionDate "2012.10.19"]
[SourceQuality "1"]

1. e4 e6 2. d4 d5 3. Nc3 Bb4 4. e5 Qd7 5. Qg4 f5 6. Qg3 b6 7. a3 Bf8 8. Nh3 Ba6 9. Bxa6 Nxa6 10. Nf4 c5 11. Nce2 Ne7 12. dxc5 bxc5 13. c4 dxc4 14. Qc3 Nc6 15. Be3 Nc7 16. Rd1 Nd5 17. Qxc4 Nxe5 18. Qa6 Nc7 19. Rxd7 Nxa6 20. Rb7 0-0-0 21. Rxa7 Nc7 22. Rxc7+ Kxc7 23. Nxe6+ Kc8 24. Nxd8 Kxd8 25. 0-0 Bd6 26. Rd1 Kc7 27. Rc1 Nd3 28. Rc3 Nxb2 29. Bxc5 Na4 30. Bxd6+ Kxd6 31. Rd3+ Ke7 32. Kf1 Rb8 33. Nd4 Kf6 34. Ke2 Rb2+ 35. Rd2 Rb6 36. Rc2 Ke5 37. Nc6+ Kd6 38. Nb4 h6 39. Ke3 Nc5 40. Rd2+ Ke6 41. Rd8 g5 42. Kd4 Nd7 43. Rh8 Rd6+ 44. Kc3 Ke7 45. Rh7+ Kd8 46. f3 Kc7 47. Kc4 f4 48. Nd3 Kc6 49. Nb4+ Kb6 50. Re7 Ka5 51. Nd5 Rc6+ 52. Kd4 Rd6 53. Ke4 Kb5 54. h4 Kc4 55. Rxd7 1-0

[Event "EU-ch Seniors 12th"]
[Site "Kaunas"]
[Date "2012.08.18"]
[Round "1"]
[White "Johansen, Bjoern Berg"]
[Black "Nordby, Berndt"]
[Result "0-1"]
[WhiteElo "1718"]
[BlackElo "2150"]
[PlyCount "74"]
[EventDate "2012.08.18"]
[EventType "swiss"]
[EventRounds "9"]
[EventCountry "LTU"]
[SourceTitle "CBM 150 Extra"]
[Source "ChessBase"]
[SourceDate "2012.10.19"]
[SourceVersion "1"]
[SourceVersionDate "2012.10.19"]
[SourceQuality "1"]

1. d4 Nf6 2. c4 d6 3. Nc3 e5 4. dxe5 dxe5 5. Qxd8+ Kxd8 6. e4 Nfd7 7. Nf3 f6 8. Be3 c6 9. Rd1 Kc7 10. Be2 Bc5 11. Rd3 Bxe3 12. Rxe3 a5 13. a4 Nc5 14. 0-0 Nbd7 15. Nh4 Nb6 16. f4 exf4 17. Rxf4 g5 18. Rxf6 gxh4 19. e5 Be6 20. b3 Nbd7 21. Rf4 Rae8 22. Ne4 Nxe4 23. Rfxe4 Bf5 24. Bh5 Bxe4 25. Bxe8 Rxe8 26. Rxe4 Rxe5 27. Rxh4 Re7 28. Kf2 Kb6 29. g4 Kc5 30. Rh3 Kd4 31. Rf3 Ne5 32. Rf4+ Kd3 33. Kg3 Rf7 34. h4 Ke3 35. Rf5 Rxf5 36. gxf5 Ke4 37. f6 Kf5 0-1

[Event "Wch Seniors 21st"]
[Site "Rijeka"]
[Date "2011.11.25"]
[Round "10"]
[White "Nordby, Berndt"]
[Black "Jadrijevic, Ante"]
[Result "1/2-1/2"]
[WhiteElo "2144"]
[BlackElo "2231"]
[PlyCount "45"]
[EventDate "2011.11.15"]
[EventType "swiss"]
[EventRounds "11"]
[EventCountry "CRO"]
[SourceTitle "CBM 145 Extra"]
[Source "ChessBase"]
[SourceDate "2012.01.03"]
[SourceVersion "1"]
[SourceVersionDate "2012.01.03"]
[SourceQuality "1"]

1. d4 d5 2. Nf3 Nf6 3. c4 c6 4. e3 e6 5. Nbd2 c5 6. Bd3 Nc6 7. dxc5 Bxc5 8. a3 a5 9. 0-0 0-0 10. Qc2 Qe7 11. Nb3 Bb6 12. cxd5 exd5 13. Nbd4 Ne5 14. Nxe5 Qxe5 15. Nf3 Qh5 16. Be2 Bd7 17. Bd2 Ne4 18. Bc3 Rfc8 19. Rac1 Nxc3 20. bxc3 Bc5 21. Nd4 Qh6 22. Qb3 Bd6 23. g3 1/2-1/2

[Event "Wch Seniors 21st"]
[Site "Rijeka"]
[Date "2011.11.24"]
[Round "9"]
[White "Vikulov, Alexander Sergeevic"]
[Black "Nordby, Berndt"]
[Result "1/2-1/2"]
[WhiteElo "2321"]
[BlackElo "2144"]
[PlyCount "70"]
[EventDate "2011.11.15"]
[EventType "swiss"]
[EventRounds "11"]
[EventCountry "CRO"]
[SourceTitle "CBM 145 Extra"]
[Source "ChessBase"]
[SourceDate "2012.01.03"]
[SourceVersion "1"]
[SourceVersionDate "2012.01.03"]
[SourceQuality "1"]

1. c4 g6 2. Nc3 Bg7 3. g3 Nf6 4. Bg2 0-0 5. d3 d6 6. e3 Nc6 7. Nge2 e5 8. Rb1 a5 9. a3 Be6 10. Nd5 Qd7 11. Nec3 Ne8 12. 0-0 Bh3 13. b4 Bxg2 14. Kxg2 axb4 15. axb4 f5 16. f4 Nf6 17. Bb2 Nxd5 18. Nxd5 Ne7 19. Qf3 Nxd5 20. Qxd5+ Qf7 21. Qxf7+ Rxf7 22. Ra1 Rff8 23. Rxa8 Rxa8 24. Ra1 Rxa1 25. Bxa1 exf4 26. Bxg7 f3+ 27. Kxf3 Kxg7 28. e4 Kf6 29. exf5 Kxf5 30. d4 g5 31. g4+ Ke6 32. Ke4 c6 33. d5+ cxd5+ 34. cxd5+ Kf6 35. Kd4 b5 1/2-1/2

[Event "Wch Seniors 20th"]
[Site "Arco"]
[Date "2010.10.27"]
[Round "2"]
[White "Nordby, Berndt"]
[Black "Plachetka, Jan"]
[Result "0-1"]
[WhiteElo "2145"]
[BlackElo "2345"]
[PlyCount "82"]
[EventDate "2010.10.26"]
[EventType "swiss"]
[EventRounds "11"]
[EventCountry "ITA"]
[SourceTitle "EXT 2011"]
[Source "ChessBase"]
[SourceDate "2010.11.26"]
[SourceVersion "1"]
[SourceVersionDate "2010.11.26"]
[SourceQuality "1"]

1. d4 Nf6 2. Nf3 g6 3. c4 Bg7 4. Nc3 d5 5. cxd5 Nxd5 6. Bd2 0-0 7. e4 Nb6 8. Be3 Bg4 9. Be2 Nc6 10. d5 Bxf3 11. gxf3 Na5 12. Bd4 Qd6 13. Bxg7 Kxg7 14. Rc1 c6 15. dxc6 Qxd1+ 16. Rxd1 Nxc6 17. Bb5 Rac8 18. Ke2 e5 19. Bxc6 Rxc6 20. Rd3 Rfc8 21. Rhd1 Nc4 22. Rb1 Nxb2 23. Rxb2 Rxc3 24. Rxb7 Rc2+ 25. Rd2 R8c3 26. Rb3 h5 27. Rb2 Rxb2 28. Rxb2 Ra3 29. Kf1 Rxf3 30. Rb5 Ra3 31. Rxe5 Rxa2 32. h4 a5 33. Kg2 a4 34. Ra5 a3 35. e5 g5 36. hxg5 Kg6 37. Kg3 Ra1 38. Kf4 h4 39. Ra6+ Kg7 40. Kf5 h3 41. g6 h2 0-1

[Event "NOR-chT Clubs"]
[Site "Drammen"]
[Date "2010.10.09"]
[Round "3.33"]
[White "Nordby, Berndt"]
[Black "Rathan, Raksha"]
[Result "1-0"]
[WhiteElo "2058"]
[BlackElo "1445"]
[PlyCount "81"]
[EventDate "2010.10.08"]
[EventType "team"]
[EventRounds "6"]
[EventCountry "NOR"]
[SourceTitle "EXT 2015"]
[Source "ChessBase"]
[SourceDate "2014.11.20"]
[SourceVersion "1"]
[SourceVersionDate "2014.11.20"]
[SourceQuality "1"]
[WhiteTeam "Sarpsborg"]
[BlackTeam "OSS VI"]
[WhiteTeamCountry "NOR"]
[BlackTeamCountry "NOR"]

1. d4 d5 2. Nf3 Nf6 3. c4 e6 4. Bg5 Be7 5. e3 Bd7 6. Nc3 dxc4 7. Bxc4 Bc6 8. 0-0 0-0 9. Ne5 Nfd7 10. Bxe7 Qxe7 11. Nxc6 Nxc6 12. Rc1 Nf6 13. Bb5 Nb8 14. Qf3 c6 15. Bd3 Nbd7 16. Rfd1 Nb6 17. Ne4 Nbd5 18. Ng3 Rfd8 19. e4 Nb4 20. Bb1 e5 21. a3 Na6 22. Nf5 Qc7 23. Qg3 g6 24. dxe5 Nh5 25. Qf3 Ng7 26. Nh6+ Kf8 27. Ba2 Ne8 28. Rxd8 Rxd8 29. Nxf7 Rb8 30. Nd6+ Kg7 31. Nxe8+ Rxe8 32. Qf6+ Kh6 33. Qh4+ Kg7 34. Qf6+ Kh6 35. Rc3 Rxe5 36. Rh3+ Rh5 37. Qf8+ Qg7 38. Qf4+ g5 39. Rxh5+ Kxh5 40. Bf7+ Kh6 41. Qd6+ 1-0

[Event "NOR-chT Clubs"]
[Site "Drammen"]
[Date "2010.10.09"]
[Round "4"]
[White "Nordby, Berndt"]
[Black "Skrondal, Inge Sandstad"]
[Result "1/2-1/2"]
[WhiteElo "2058"]
[BlackElo "2181"]
[PlyCount "73"]
[EventDate "2010.10.08"]
[EventType "team"]
[EventRounds "6"]
[EventCountry "NOR"]
[SourceTitle "EXT 2015"]
[Source "ChessBase"]
[SourceDate "2014.11.20"]
[SourceVersion "1"]
[SourceVersionDate "2014.11.20"]
[SourceQuality "1"]
[WhiteTeam "Sarpsborg"]
[BlackTeam "Akademisk"]
[WhiteTeamCountry "NOR"]
[BlackTeamCountry "NOR"]

1. d4 Nf6 2. Nf3 g6 3. c4 Bg7 4. Nc3 0-0 5. e4 d6 6. Be2 e5 7. 0-0 Nc6 8. d5 Ne7 9. Ne1 Nd7 10. f3 f5 11. g4 f4 12. h4 Kf7 13. Rf2 Ng8 14. Rh2 Bf6 15. Ng2 a5 16. a3 Be7 17. Rb1 c5 18. h5 Ngf6 19. hxg6+ hxg6 20. Kf2 Rh8 21. Qh1 Kg7 22. Rxh8 Qxh8 23. Qxh8+ Kxh8 24. a4 Nb8 25. Bd2 Na6 26. Rh1+ Kg7 27. Ne1 Ne8 28. Bd1 Bd7 29. b3 b6 30. Nd3 Nec7 31. Kg2 Nb4 32. Nb2 Rh8 33. Rxh8 Kxh8 34. Be1 Kg7 35. Bf2 Kf6 36. Bh4+ Kf7 37. Bf2 1/2-1/2

[Event "Wch Seniors 19th"]
[Site "Condino"]
[Date "2009.11.06"]
[Round "10"]
[White "Gruzmann, Boris"]
[Black "Nordby, Berndt"]
[Result "1-0"]
[WhiteElo "2251"]
[BlackElo "2137"]
[PlyCount "53"]
[EventDate "2009.10.27"]
[EventType "swiss"]
[EventRounds "11"]
[EventCountry "ITA"]
[SourceTitle "EXT 2010"]
[Source "ChessBase"]
[SourceDate "2010.11.25"]
[SourceVersion "1"]
[SourceVersionDate "2010.11.25"]
[SourceQuality "1"]

1. e4 e6 2. d4 d5 3. e5 c5 4. c3 Qb6 5. Nf3 Nc6 6. a3 Nh6 7. b4 cxd4 8. cxd4 Nf5 9. Bb2 Be7 10. Be2 a5 11. b5 a4 12. 0-0 0-0 13. Ra2 Na5 14. Nc3 Nc4 15. Bxc4 dxc4 16. d5 exd5 17. Nxd5 Qd8 18. Bc3 Be6 19. Rd2 Bxd5 20. Rxd5 Qc8 21. Qc2 Qe6 22. Rfd1 h5 23. Bb2 Rfc8 24. Qc3 Rd8 25. Qxc4 Rxd5 26. Qxd5 Rd8 27. Qxd8+ 1-0

[Event "Wch Seniors 19th"]
[Site "Condino"]
[Date "2009.10.30"]
[Round "4"]
[White "Malmdin, Nils Ake"]
[Black "Nordby, Berndt"]
[Result "1-0"]
[WhiteElo "2282"]
[BlackElo "2137"]
[PlyCount "45"]
[EventDate "2009.10.27"]
[EventType "swiss"]
[EventRounds "11"]
[EventCountry "ITA"]
[SourceTitle "EXT 2010"]
[Source "ChessBase"]
[SourceDate "2010.11.25"]
[SourceVersion "1"]
[SourceVersionDate "2010.11.25"]
[SourceQuality "1"]

1. e4 e6 2. d4 d5 3. e5 c5 4. c3 Qb6 5. Nf3 Bd7 6. Nbd2 cxd4 7. Nxd4 Nc6 8. N2f3 f6 9. Nxc6 Bxc6 10. Bd3 fxe5 11. Nxe5 Nf6 12. Qe2 Bd6 13. Nxc6 bxc6 14. Qxe6+ Be7 15. 0-0 c5 16. Qh3 0-0 17. c4 d4 18. b3 Rfe8 19. Bg5 g6 20. Qh4 Rad8 21. Rae1 Rd6 22. f4 Bd8 23. f5 1-0